Elio Luxardo /
Spremljeno u:
| Glavni autor: | |
|---|---|
| Daljnji autori: | , |
| Format: | Knjiga |
| Jezik: | talijanski |
| Izdano: |
Milano :
Gruppo editoriale Fabbri,
1983
|
| Serija: | I grandi fotografi. Serie argento ;
19 |
| Oznake: |
Bez oznaka, Budi prvi tko označuje ovaj zapis!
|
MARC
| LEADER | 00000nam a22000007i 4500 | ||
|---|---|---|---|
| 001 | IT\ICCU\CFI\0005760 | ||
| 003 | ItRI | ||
| 005 | 20260115232245.0 | ||
| 008 | 860108s1983 it |||||| ||||| |||||c | ||
| 040 | |b ita |c importazione bologna sebina | ||
| 041 | 7 | |a ita |2 ISO-639-2 | |
| 082 | |a 779 |9 COLLEZIONI DI FOTOGRAFIE |2 18 | ||
| 100 | 1 | |a Luxardo, Elio |0 IT\ICCU\CFIV\004267 |4 aut | |
| 245 | 1 | 0 | |a Elio Luxardo / |c [testi: Giuseppe Turroni, Attilio Colombo]. |
| 260 | |a Milano : |b Gruppo editoriale Fabbri, |c 1983 | ||
| 300 | |a 61 p. : |b in gran parte ill. ; |c 29 cm | ||
| 500 | |a Front. su 2 pagine | ||
| 700 | 1 | |a Turroni, Giuseppe |0 IT\ICCU\CFIV\016641 | |
| 700 | 1 | |a Colombo, Attilio |0 IT\ICCU\CFIV\040903 | |
| 830 | 2 | |a I grandi fotografi. Serie argento ; |v 19 |0 IT\ICCU\CFI\0001727 | |
| 942 | |2 ddc |c BK |n 0 | ||
| 952 | |0 0 |1 0 |4 0 |6 DOC_770_920000000000000_LUX |7 0 |9 23107 |a BO |b BO |d 2026-01-15 |i 9733 |l 0 |o DOC 770.92 LUX |p BO9733 |r 2026-01-15 23:22:45 |w 2026-01-15 |x [Sebina 5] [1 v.] |y BK |z 1 v. | ||
| 999 | |c 19706 |d 19706 | ||